Statistiken für Geographie nach Bild - N

Klicken Sie hier um das Quiz zu spielen!

Allgemein

  • Dieses Quiz wurde 8.915 mal gespielt
  • Das Durchschnittsergebnis liegt bei 9 aus 18

Antwortstatistiken

Antwort% Korrekt
Neapel
96%
Nürnberg
85%
Niagarafälle
84%
Nepal
80%
Nil
74%
Niger
69%
Norwegen
63%
Nordirland
58%
Nairobi
53%
Nizza
45%
Namib
44%
Normandie
35%
{Nottingham}shire
35%
Nicaraguasee
31%
Neuguinea
25%
Nouakchott
23%
{Nova} {Scotia}
19%
Niederkalifornien
16%

Verteilung der Resultate

Perzentil nach korrekt beantworteten Fragen

Anzahl Personen mit jedem Resultat

Ihre Resultats-Entwicklung

Sie haben dieses Quiz noch nicht gespielt